Commercial leases and the disclaimer process (Record no. 80978)

MARC details
000 -LEADER
fixed length control field 01063cad a22001935a 4500
001 - CONTROL NUMBER
control field L145914
008 - FIXED-LENGTH DATA ELEMENTS--GENERAL INFORMATION
fixed length control field 081121s2008 xxk f v 000 0 eng d
035 ## - SYSTEM CONTROL NUMBER
System control number (Sirsi) u145914
041 0# - LANGUAGE CODE
Language code of text/sound track or separate title eng
100 1# - MAIN ENTRY--PERSONAL NAME
Personal name Friday, Kenny
245 00 - TITLE STATEMENT
Title Commercial leases and the disclaimer process
Remainder of title a brief guide
Medium [electronic resource]
260 ## - PUBLICATION, DISTRIBUTION, ETC.
Place of publication, distribution, etc. [S.l.]
Name of publisher, distributor, etc. Mondaq
Date of publication, distribution, etc. 2008
520 ## - SUMMARY, ETC.
Summary, etc. Discusses what happens when landlords whose tenants have gone into liquidation find themselves on the receiving end of a notice of disclaimer from liquidators relating to their property. Explains the disclaimer process in the context of leasehold premises and company tenants and comments on the implications of a disclaimer of a lease on the parties involved.
590 ## - LOCAL NOTE (RLIN)
Local note KA
651 #4 - SUBJECT ADDED ENTRY--GEOGRAPHIC NAME
Geographic name United Kingdom
Chronological subdivision
690 ## - LOCAL SUBJECT ADDED ENTRY--TOPICAL TERM (OCLC, RLIN)
Topical term or geographic name as entry element PROPERTY-COMMERCIAL PROPERTY-LEASEHOLD COMMERCIAL PROPERTY-COMMERCIAL LANDLORD AND TENANT-COMMERCIAL LEASES
856 40 - ELECTRONIC LOCATION AND ACCESS
Uniform Resource Identifier <a href="https://www.mondaq.com/article.asp?articleid=68748&rss=17">https://www.mondaq.com/article.asp?articleid=68748&rss=17</a>
Public note View the article free of charge (after registration) at www.mondaq.com
942 ## - ADDED ENTRY ELEMENTS (KOHA)
Suppress in OPAC 0
Holdings
Withdrawn status Lost status Source of classification or shelving scheme Damaged status Not for loan Home library Current library Shelving location Date acquired Total Checkouts Full call number Barcode Date last seen Copy number Price effective from Koha item type
    Dewey Decimal Classification     Virtual Virtual Online 21/11/2008   ONLINE PUBLICATION 145914-2001 06/08/2019 1 06/08/2019 Journal article